[Event "Quebec-ch U14"]
[Site "Montreal"]
[Date "2017.03.04"]
[Round "2"]
[White "Lachapelle, Vincent"]
[Black "Yu, Xi Ming"]
[Result "0-1"]
[WhiteElo "1171"]
[BlackElo "1560"]
[PlyCount "44"]
[EventDate "2017.03.04"]
[EventType "swiss"]
[EventRounds "5"]
[EventCountry "CAN"]
[SourceTitle "EXT 2022"]
[Source "ChessBase"]
[SourceDate "2021.10.06"]
[SourceVersion "1"]
[SourceVersionDate "2021.10.06"]
[SourceQuality "1"]

1. d4 Nf6 2. c4 e6 3. Nf3 d5 4. Bg5 Nbd7 5. Nc3 c6 6. e3 Bb4 7. Rc1 Qa5 8. c5 b6 9. cxb6 axb6 10. a3 Bxc3+ 11. Rxc3 Ne4 12. Qc2 Nxc3 13. Qxc3 Qxc3+ 14. bxc3 Rxa3 15. Be2 Ba6 16. Bxa6 Ra1+ 17. Kd2 Rxh1 18. Be2 Ra1 19. Kd3 f6 20. Bf4 c5 21. h4 Ra2 22. g4 c4# 0-1

[Event "Quebec-ch U14"]
[Site "Montreal"]
[Date "2017.03.04"]
[Round "1"]
[White "Yu, Xi Ming"]
[Black "Durette, Francis"]
[Result "0-1"]
[WhiteElo "1560"]
[BlackElo "2156"]
[PlyCount "110"]
[EventDate "2017.03.04"]
[EventType "swiss"]
[EventRounds "5"]
[EventCountry "CAN"]
[SourceTitle "EXT 2022"]
[Source "ChessBase"]
[SourceDate "2021.10.06"]
[SourceVersion "1"]
[SourceVersionDate "2021.10.06"]
[SourceQuality "1"]

1. e4 e5 2. Nf3 Nc6 3. Nc3 Nf6 4. d4 exd4 5. Nxd4 Bb4 6. Nxc6 bxc6 7. Bd3 0-0 8. 0-0 d5 9. exd5 cxd5 10. Bg5 c6 11. Qf3 Rb8 12. Qg3 Bd6 13. Qh4 h6 14. Bxh6 Rb4 15. f4 gxh6 16. Qxh6 Ne4 17. a3 Bc5+ 18. Kh1 Rd4 19. Ne2 Rxd3 20. cxd3 Nf2+ 21. Rxf2 Bxf2 22. Rf1 Qh4 23. Qxc6 Bg4 24. Qxd5 Bxe2 25. Rxf2 Rd8 26. Qg5+ Qxg5 27. fxg5 Rxd3 28. g3 Rd2 29. b4 Rd1+ 30. Kg2 Ba6 31. Rf6 Bb7+ 32. Kh3 Kg7 33. Rf4 Ra1 34. b5 Rxa3 35. Rb4 Bc8+ 36. Kh4 Kg6 37. b6 axb6 38. Rxb6+ Be6 39. Rb4 Ra5 40. g4 Rxg5 41. Rf4 Rc5 42. Rf3 Rc4 43. h3 Rb4 44. Kg3 Rb3 45. Rxb3 Bxb3 46. Kf4 Bc2 47. h4 Bb1 48. Ke5 f6+ 49. Kf4 Bc2 50. Kg3 Kf7 51. Kf4 Ke6 52. g5 f5 53. g6 Kf6 54. h5 Bb1 55. Kg3 Kg5 0-1

[Event "Quebec op U1700"]
[Site "Montreal"]
[Date "2016.07.27"]
[Round "6.59"]
[White "Moreau, Michel"]
[Black "Yu, Xi Ming"]
[Result "1/2-1/2"]
[WhiteElo "1428"]
[BlackElo "1492"]
[PlyCount "45"]
[EventDate "2016.07.23"]
[EventType "swiss"]
[EventRounds "8"]
[EventCountry "CAN"]
[SourceTitle "EXT 2022"]
[Source "ChessBase"]
[SourceDate "2021.10.06"]
[SourceVersion "1"]
[SourceVersionDate "2021.10.06"]
[SourceQuality "1"]

1. d4 d5 2. Bf4 Nf6 3. e3 e6 4. Nd2 c5 5. c3 Nc6 6. Bd3 Be7 7. h3 a6 8. Ngf3 b5 9. 0-0 Bb7 10. Re1 Rc8 11. Bh2 h6 12. a3 c4 13. Bc2 Bd6 14. Bxd6 Qxd6 15. e4 dxe4 16. Nxe4 Nxe4 17. Bxe4 0-0 18. Qe2 Rfd8 19. Rad1 Na5 20. Bxb7 Nxb7 21. Ne5 Rc7 22. Qf3 Qd5 23. Qxd5 1/2-1/2